000 00421nam a2200181Ia 4500
001 2107
005 20260306143818.0
008 260306t2007||||xx |||||||||||||| ||spa||
041 _aESP
082 _a612.8
_bS68
100 _aSoriano Mas, Carles
_eAUT
245 0 _aFundamentos de Neurociencia
260 _c2007
300 _a478 páginas :
_c24 cm.
650 _aGEN
654 _aCPS
942 _cLIB
_dJUS
_fJUS
_2ddc
_n
999 _c2107
_d2107